[Event "Johor op-A 7th"]
[Site "Johor"]
[Date "2022.12.27"]
[Round "2"]
[White "Tamhankar, Siddhant"]
[Black "Nguyen, Van Huy"]
[Result "1/2-1/2"]
[WhiteElo "1943"]
[BlackElo "2355"]
[PlyCount "96"]
[EventDate "2022.12.26"]
[EventType "swiss"]
[EventRounds "9"]
[EventCountry "MAS"]
[SourceTitle "CBM 212 Extra"]
[Source "ChessBase"]
[SourceDate "2023.03.31"]
[SourceVersion "1"]
[SourceVersionDate "2023.03.31"]
[SourceQuality "1"]

1. e4 c6 2. d4 d5 3. Nc3 dxe4 4. Nxe4 Bf5 5. Ng3 Bg6 6. h4 h6 7. Nf3 Nd7 8. Bd3 Bxd3 9. Qxd3 e6 10. Bd2 Ngf6 11. 0-0-0 Be7 12. Ne4 Nxe4 13. Qxe4 Nf6 14. Qe2 a5 15. Kb1 a4 16. c4 Qb6 17. Bc3 Rd8 18. Ne5 h5 19. f3 Bb4 20. c5 Qa5 21. Nc4 Qb5 22. Nd6+ Rxd6 23. Qxb5 cxb5 24. cxd6 Bxd6 25. Bd2 Nd5 26. g4 Kd7 27. Rdg1 g6 28. Be1 Bf4 29. Bg3 Be3 30. Rd1 Rc8 31. Rh2 Rc4 32. Rc2 Rxd4 33. Rxd4 Bxd4 34. Bf2 Bf6 35. a3 Be7 36. Re2 Bxa3 37. gxh5 gxh5 38. Re5 Be7 39. Rxh5 Bf6 40. Bg3 b4 41. Be5 Ke7 42. Bxf6+ Kxf6 43. Rg5 b3 44. Rg4 b5 45. h5 Ne3 46. Rb4 Nc4 47. Kc1 Ne5 48. Rxb5 Nxf3 1/2-1/2

[Event "Penang op-A 14th"]
[Site "Penang"]
[Date "2022.12.21"]
[Round "4"]
[White "M Mohd Nur, Megat Muhd Irfan"]
[Black "Tamhankar, Siddhant"]
[Result "0-1"]
[WhiteElo "1586"]
[BlackElo "1943"]
[PlyCount "134"]
[EventDate "2022.12.19"]
[EventType "swiss"]
[EventRounds "9"]
[EventCountry "MAS"]
[SourceTitle "CBM 211 Extra"]
[Source "ChessBase"]
[SourceDate "2023.01.31"]
[SourceVersion "1"]
[SourceVersionDate "2023.01.31"]
[SourceQuality "1"]

1. d4 Nf6 2. Nf3 g6 3. Bf4 Bg7 4. e3 d6 5. h3 0-0 6. Be2 Nbd7 7. c3 b6 8. Nbd2 Bb7 9. 0-0 Re8 10. a4 a6 11. Qc2 e5 12. dxe5 Nxe5 13. Rfd1 Qe7 14. Nxe5 dxe5 15. Bh2 Rad8 16. Bf3 Bxf3 17. Nxf3 Nd7 18. Rd2 Nc5 19. Rad1 f6 20. b4 Ne6 21. Qb3 Kf7 22. h4 Rxd2 23. Rxd2 Kf8 24. Qc4 a5 25. bxa5 bxa5 26. Qb5 Qa3 27. g4 Qxc3 28. Rb2 c6 29. Qb3 Qc5 30. Rc2 Qd5 31. Qxd5 cxd5 32. g5 fxg5 33. Nxg5 Nxg5 34. hxg5 d4 35. Rc5 d3 36. Kf1 e4 37. Ke1 Bb2 38. Kd1 Ba3 39. Rc4 Bb4 40. Rc7 Be7 41. Rc4 Bxg5 42. Bc7 Bh4 43. Ke1 Re6 44. Bxa5 Ke8 45. Bc3 Kd7 46. a5 Rc6 47. Rd4+ Kc8 48. Kd2 Bf6 49. Rxe4 Bxc3+ 50. Kxd3 Bxa5 51. Re8+ Bd8 52. Rh8 h5 53. Rg8 h4 54. Ke2 g5 55. f4 gxf4 56. exf4 Rh6 57. Kf2 Kd7 58. Kg2 Ra6 59. Rh8 Ra3 60. Rh6 Be7 61. f5 Bg5 62. Rh7+ Kd6 63. Rh8 Ke5 64. Rh7 Kxf5 65. Rh8 Kg4 66. Rh7 Ra2+ 67. Kh1 Kh3 0-1

[Event "Paracin op-A 15th"]
[Site "Paracin"]
[Date "2022.07.12"]
[Round "5"]
[White "Tamhankar, Siddhant"]
[Black "Milosevic, Milos"]
[Result "0-1"]
[WhiteElo "1811"]
[BlackElo "2288"]
[PlyCount "64"]
[EventDate "2022.07.08"]
[EventType "swiss"]
[EventRounds "9"]
[EventCountry "SRB"]
[SourceTitle "CBM 209 Extra"]
[Source "ChessBase"]
[SourceDate "2022.09.30"]
[SourceVersion "1"]
[SourceVersionDate "2022.09.30"]
[SourceQuality "1"]

1. e4 c5 2. Nf3 Nc6 3. Bb5 g6 4. Bxc6 bxc6 5. d3 Bg7 6. Nc3 d6 7. h3 e5 8. 0-0 Ne7 9. Nh2 0-0 10. Kh1 h6 11. f4 exf4 12. Bxf4 g5 13. Bg3 f5 14. exf5 Nxf5 15. Bf2 Rb8 16. Rb1 Qa5 17. Ne4 Qxa2 18. Ra1 Qxb2 19. Rxa7 Qb6 20. Rxg7+ Nxg7 21. Nxd6 Qb2 22. Ne4 Ra8 23. Re1 Bf5 24. Bxc5 Bxe4 25. Bxf8 Bxg2+ 26. Kxg2 Rxf8 27. Qb1 Qf6 28. Rf1 Nf5 29. Qe1 Qd6 30. Nf3 Qf4 31. Qe6+ Kg7 32. Rf2 Nh4+ 0-1

[Event "Gujarat op 2nd"]
[Site "Ahmedabad"]
[Date "2019.09.22"]
[Round "1"]
[White "Manush, Shah"]
[Black "Tamhankar, Siddhant"]
[Result "1-0"]
[WhiteElo "2352"]
[BlackElo "1750"]
[PlyCount "55"]
[EventDate "2019.09.22"]
[EventType "swiss"]
[EventRounds "10"]
[EventCountry "IND"]
[SourceTitle "EXT 2020"]
[Source "ChessBase"]
[SourceDate "2019.10.17"]
[SourceVersion "1"]
[SourceVersionDate "2019.10.17"]
[SourceQuality "1"]

1. d4 Nf6 2. Nf3 c5 3. d5 d6 4. c4 e5 5. Nc3 Be7 6. g3 Nbd7 7. Bg2 Nf8 8. 0-0 Ng6 9. Ne1 0-0 10. Nd3 h5 11. e4 h4 12. Rb1 Bg4 13. Bf3 Bh3 14. Re1 Qc8 15. Bg2 hxg3 16. hxg3 Nh7 17. Be3 Bg5 18. Bxg5 Nxg5 19. Qh5 Qg4 20. Qxg4 Bxg4 21. f4 exf4 22. gxf4 Nh3+ 23. Bxh3 Bxh3 24. f5 Ne5 25. Nxe5 dxe5 26. Kf2 g5 27. Rh1 g4 28. Rbg1 1-0

[Event "Pune All India op 3rd"]
[Site "Pune"]
[Date "2019.05.01"]
[Round "5"]
[White "Saravana, Krishnan P"]
[Black "Tamhankar, Siddhant"]
[Result "1-0"]
[WhiteElo "2351"]
[BlackElo "1739"]
[PlyCount "87"]
[EventDate "2019.04.29"]
[EventType "swiss"]
[EventRounds "8"]
[EventCountry "IND"]
[SourceTitle "CBM 190 Extra"]
[Source "ChessBase"]
[SourceDate "2019.07.15"]
[SourceVersion "1"]
[SourceVersionDate "2019.07.15"]
[SourceQuality "1"]

1. Nf3 Nf6 2. e3 e6 3. c4 Be7 4. b3 b6 5. Bb2 Bb7 6. Be2 0-0 7. 0-0 d6 8. Nc3 Nbd7 9. Qc2 Re8 10. d4 Nf8 11. Rfd1 Ng6 12. b4 c6 13. Rac1 Qc7 14. d5 Rac8 15. dxe6 fxe6 16. Ng5 Nf8 17. Nce4 Nxe4 18. Nxe4 Rcd8 19. Bh5 g6 20. Bf3 e5 21. Nc3 Ne6 22. Bg4 Ng7 23. b5 Rf8 24. bxc6 Bxc6 25. Nd5 Qb7 26. Qd2 Bg5 27. g3 Bd7 28. Qe2 h5 29. Bxd7 Qxd7 30. f4 exf4 31. exf4 Rde8 32. Qd3 Bd8 33. Qxg6 Re2 34. Rc2 Rfe8 35. Bxg7 Qxg7 36. Qxh5 Re1+ 37. Kf2 R1e4 38. Rdd2 a6 39. Re2 b5 40. Qxe8+ Rxe8 41. Rxe8+ Kh7 42. Rxd8 Qd4+ 43. Ne3 Qb6 44. Rd7+ 1-0

[Event "Maharashtra State-ch U25"]
[Site "Nasik"]
[Date "2018.08.11"]
[Round "6"]
[White "Tamhankar, Siddhant"]
[Black "Bilpe, Abhijeet"]
[Result "1-0"]
[WhiteElo "1680"]
[BlackElo "1506"]
[PlyCount "105"]
[EventDate "2018.08.09"]
[EventType "swiss"]
[EventRounds "9"]
[EventCountry "IND"]
[SourceTitle "CBM 186 Extra"]
[Source "ChessBase"]
[SourceDate "2018.08.24"]
[SourceVersion "1"]
[SourceVersionDate "2018.08.24"]
[SourceQuality "1"]

1. e4 e5 2. Nf3 Nc6 3. Bb5 a6 4. Ba4 Nf6 5. 0-0 b5 6. Bb3 Be7 7. Re1 d6 8. c3 0-0 9. h3 Na5 10. Bc2 c5 11. d4 cxd4 12. cxd4 Qc7 13. Bg5 h6 14. Bxf6 Bxf6 15. Nc3 Bb7 16. Rc1 exd4 17. Nxb5 axb5 18. e5 Qd8 19. Qd3 g6 20. exf6 Qxf6 21. Qxd4 Qxd4 22. Nxd4 b4 23. b3 Rac8 24. Bd3 Nc6 25. Nc2 d5 26. Bb5 Rb8 27. Bxc6 Bxc6 28. Nxb4 Rxb4 29. Rxc6 Ra8 30. Rc7 d4 31. Rd1 Kg7 32. Kf1 Re8 33. Rd3 Re7 34. a3 Rb6 35. Rc4 Rbe6 36. g3 Re1+ 37. Kg2 Ra1 38. a4 Rb1 39. a5 Rb7 40. a6 Ra7 41. Ra4 Kf6 42. Kf3 Ke6 43. Ke4 f5+ 44. Kxd4 Rd7+ 45. Ke3 Rxd3+ 46. Kxd3 Rxb3+ 47. Kc4 Rb8 48. a7 Ra8 49. Kb5 Ke5 50. Kb6 Re8 51. f4+ Kd5 52. a8Q+ Rxa8 53. Rxa8 1-0

[Event "Aurangabad MyBrain op 1st"]
[Site "Aurangabad"]
[Date "2018.04.28"]
[Round "3"]
[White "Tamhankar, Siddhant"]
[Black "Shashikant, Kutwal"]
[Result "0-1"]
[WhiteElo "1680"]
[BlackElo "2308"]
[PlyCount "74"]
[EventDate "2018.04.28"]
[EventType "swiss (rapid)"]
[EventRounds "9"]
[EventCountry "IND"]
[SourceTitle "CBM 184 Extra"]
[Source "ChessBase"]
[SourceDate "2018.06.28"]
[SourceVersion "1"]
[SourceVersionDate "2018.06.28"]
[SourceQuality "1"]

1. e4 c5 2. d3 Nc6 3. Nf3 d6 4. g3 g6 5. Bg2 Bg7 6. 0-0 Nf6 7. c3 0-0 8. Re1 Bg4 9. h3 Bxf3 10. Qxf3 Rb8 11. a4 a6 12. Nd2 Nd7 13. Qe2 Qc7 14. f4 b5 15. axb5 axb5 16. Nf3 b4 17. Bd2 e6 18. Rac1 Qb6 19. Kh2 Ra8 20. e5 dxe5 21. Nxe5 Ndxe5 22. fxe5 Ra2 23. Bxc6 Qxc6 24. cxb4 Rxb2 25. Rxc5 Qa4 26. d4 Qa2 27. Ra5 Qb3 28. Rc5 Rd8 29. Qf2 Qd3 30. Re2 Bh6 31. Rc3 Qxe2 32. Qxe2 Rxd2 33. Qxd2 Bxd2 34. Rc4 Rb8 35. d5 exd5 36. Rd4 Bxb4 37. Rxd5 Bc3 0-1